000 00341 a2200157 4500
001 192224
020 _a978-85-8349-010-4
040 _cMagnum
100 _aPonce, Marco Antonio
240 1 0 _aVarinha de imaginar
_lpor
245 1 0 _aVarinha de imaginar
300 _a36
362 0 _a2016
697 _aLITERATURA INFANTO
942 _cBK
999 _c192224
_d192224